3 [i.e. Tercera] Bienal Internacional del Cartel en México, 1994 = Third International Biennial of the Poster in Mexico, 1994 = Troisieme Biennale Internationale de L´Affiche au Mexique. (Record no. 861)

MARC details
000 -CABECERA
campo de control de longitud fija 01074nam a2200217 a 4500
001 - NÚMERO DE CONTROL
campo de control BRCA_977
005 - FECHA Y HORA DE LA ÚLTIMA TRANSACCIÓN
campo de control 20190320203228.0
008 - DATOS DE LONGITUD FIJA--INFORMACIÓN GENERAL
campo de control de longitud fija 860408s1994 mx-a---###---#000-0#spa-d
020 ## - NÚMERO INTERNACIONAL ESTÁNDAR DEL LIBRO
Número Internacional Estándar del Libro 9687498005
050 #4 - SIGNATURA TOPOGRÁFICA DE LA BIBLIOTECA DEL CONGRESO
Número de clasificación NC1807.M4
Número de documento/Ítem .B54 3
-- 1994
245 10 - MENCIÓN DE TÍTULO
Título 3 [i.e. Tercera] Bienal Internacional del Cartel en México, 1994 = Third International Biennial of the Poster in Mexico, 1994 = Troisieme Biennale Internationale de L´Affiche au Mexique.
260 ## - PUBLICACIÓN, DISTRIBUCIÓN, ETC.
Lugar de publicación, distribución, etc. México
Nombre del editor, distribuidor, etc. Trama Visual AC : Fondo Nacional para la Cultura y las Artes : UAM
Fecha de publicación, distribución, etc. 1994
300 ## - DESCRIPCIÓN FÍSICA
Extensión 165 p.
Otras características físicas il. (algunas a color)
Dimensiones 29 cm.
Material acompañante/anejo Programa de actividades
500 ## - NOTA GENERAL
Nota general Catálogo de la exposición realizada en el Museo Franz Mayer (Ciudad de México), 27 octubre, 1994
546 ## - NOTA DE LENGUA/LENGUAJE
Nota de lengua/lenguaje Texto en español, inglés y francés
650 14 - PUNTO DE ACCESO ADICIONAL DE MATERIA--TÉRMINO DE MATERIA
Término de materia o nombre geográfico como elemento de entrada Carteles
Subdivisión de forma Concursos
Subdivisión general Diseño
Subdivisión geográfica México
9 (RLIN) 3220
650 14 - PUNTO DE ACCESO ADICIONAL DE MATERIA--TÉRMINO DE MATERIA
Término de materia o nombre geográfico como elemento de entrada Diseñadores gráficos
Subdivisión de forma Exposiciones
Subdivisión geográfica México
9 (RLIN) 3221
740 0# - PUNTO DE ACCESO ADICIONAL--TÍTULO RELACIONADO O ANALÍTICO NO CONTROLADO
Título relacionado o analítico no controlado Third International Biennial of the Poster in Mexico, 1994
740 0# - PUNTO DE ACCESO ADICIONAL--TÍTULO RELACIONADO O ANALÍTICO NO CONTROLADO
Título relacionado o analítico no controlado Troisieme Biennale Internationale de L´Affiche au Mexique
942 ## - ELEMENTOS DE PUNTO DE ACCESO ADICIONAL (KOHA)
Fuente del sistema de clasificación o colocación Library of Congress Classification
Tipo de ítem Koha Libros
Holdings
Estado de retiro Estado de pérdida Estado dañado No para préstamo Localización permanente Ubicación/localización actual Fecha de adquisición Total de préstamos Signatura topográfica completa Código de barras Fecha visto por última vez Precio válido a partir de Tipo de ítem Koha
El ejemplar forma parte de la colección y puede ser consultado según las políticas vigentes.       Biblioteca del Museo Franz Mayer (Rogerio Casas-Alatriste) Biblioteca del Museo Franz Mayer (Rogerio Casas-Alatriste) 26/06/2008   NC1807.M4 .B54 3 1994 01467 22/03/2019 22/03/2019 Libros